[Event "IV Open"]
[Site "Crema ITA"]
[Date "2002.09.08"]
[Round "5"]
[White "Galli, Massimiliano"]
[Black "Raffaldi, Fabrizio"]
[Result "0-1"]
[WhiteElo "1500"]
[BlackElo "1560"]
[PlyCount "70"]
[EventDate "2002.09.06"]

1. d4 f5 2. c4 Nf6 3. Nc3 e6 4. Nf3 Be7 5. Bg5 O-O 6. e3 b6 7. g3 Bb7 8. Bg2 h6
9. Bf4 d6 10. h4 Nbd7 11. O-O Rb8 12. Re1 Bxf3 13. Qxf3 e5 14. dxe5 dxe5 15.
Bxe5 Nxe5 16. Qxf5 Nxc4 17. Qe6+ Kh8 18. Qxc4 c5 19. Rad1 Qc7 20. Nd5 Nxd5 21.
Qxd5 Bf6 22. b3 Bc3 23. Re2 Rbd8 24. Rc2 Rxd5 25. Rxd5 Bf6 26. Re2 Rd8 27. Rf5
c4 28. Rc2 c3 29. e4 Rd2 30. Rxd2 cxd2 31. Bf3 Qc1+ 32. Kh2 d1=Q 33. Bxd1 Qxd1
34. e5 Qd3 35. Rh5 Qg6 0-1

[Event "IV Open"]
[Site "Crema ITA"]
[Date "2002.09.08"]
[Round "5"]
[White "Gardon, Ermanno"]
[Black "Brunello, Sabino"]
[Result "1-0"]
[WhiteElo "2108"]
[BlackElo "1957"]
[PlyCount "85"]
[EventDate "2002.09.06"]

1. Nf3 d5 2. g3 c6 3. Bg2 Bf5 4. d3 Nf6 5. O-O e6 6. Nbd2 Be7 7. Qe1 h6 8. e4
Bh7 9. Qe2 O-O 10. Re1 Re8 11. e5 Nfd7 12. Nf1 a5 13. h4 Na6 14. N1h2 b5 15.
Bf4 a4 16. c3 b4 17. c4 Nac5 18. Red1 Nf8 19. h5 b3 20. Nd4 Qb6 21. a3 Red8 22.
Be3 Qa6 23. Rac1 Rac8 24. Ng4 dxc4 25. dxc4 Bd3 26. Nxh6+ gxh6 27. Qg4+ Bg5 28.
Bxg5 hxg5 29. Qxg5+ Ng6 30. Nxc6 Rd7 31. Nb4 Qa7 32. Nxd3 Nxd3 33. Rxd3 Rxd3
34. hxg6 Qd7 35. gxf7+ Kxf7 36. Qf6+ Kg8 37. Be4 Rd1+ 38. Rxd1 Qxd1+ 39. Kg2
Qd7 40. Qg6+ Kf8 41. Qh6+ Kg8 42. Bh7+ Kh8 43. Bf5+ 1-0

[Event "IV Open"]
[Site "Crema ITA"]
[Date "2002.09.08"]
[Round "5"]
[White "Masotti, Roberto"]
[Black "Ruggeri, Dario"]
[Result "1-0"]
[WhiteElo "1711"]
[BlackElo "1618"]
[PlyCount "115"]
[EventDate "2002.09.06"]

1. Nf3 d5 2. d4 c6 3. c4 Nf6 4. Nc3 e6 5. Qb3 Be7 6. cxd5 exd5 7. Bf4 O-O 8. h3
Nbd7 9. e3 Qa5 10. Nd2 Ne8 11. Bd3 Bd6 12. Bxd6 Nxd6 13. O-O Nf6 14. Qc2 Re8
15. Rab1 Bd7 16. b4 Qd8 17. a4 Rc8 18. Rb2 a6 19. Qb1 Qe7 20. b5 cxb5 21. Rc1
Nc4 22. Bxc4 dxc4 23. axb5 axb5 24. Nxb5 Bxb5 25. Rxb5 c3 26. Nb3 Ne4 27. Rc2
Nxf2 28. Rxf2 Qxe3 29. Qc2 Re6 30. Rc5 Rce8 31. Rxc3 Qe1+ 32. Kh2 h5 33. Rc8 h4
34. Rxe8+ Rxe8 35. Qf5 Qe7 36. Rf1 g6 37. Qf6 Qxf6 38. Rxf6 Re3 39. Rb6 Kf8 40.
Rxb7 f5 41. Kg1 Ke8 42. Kf2 Re6 43. Nc5 Rd6 44. Ke3 Kd8 45. Rh7 Ke8 46. Rxh4 g5
47. Rh5 Rg6 48. Rh7 Kd8 49. Rf7 f4+ 50. Ke4 Ke8 51. Ra7 Rd6 52. d5 Kf8 53. Ke5
Rb6 54. Nd7+ Ke8 55. Nxb6 Kd8 56. d6 f3 57. gxf3 g4 58. Ra8# 1-0

[Event "IV Open"]
[Site "Crema ITA"]
[Date "2002.09.08"]
[Round "5"]
[White "Massa, Salvenrico"]
[Black "Marchiano, Nicola"]
[Result "1-0"]
[WhiteElo "1753"]
[BlackElo "1633"]
[PlyCount "71"]
[EventDate "2002.09.06"]

1. c4 Nf6 2. Nc3 e6 3. e4 d5 4. cxd5 exd5 5. e5 d4 6. exf6 dxc3 7. fxg7 cxd2+
8. Bxd2 Bxg7 9. Nf3 Nc6 10. Be2 Bf5 11. Bc3 Bxc3+ 12. bxc3 Qf6 13. O-O Rg8 14.
g3 h5 15. Re1 Kf8 16. Qa4 Re8 17. Nd4 Bh3 18. Bxh5 Rd8 19. Rad1 Rg5 20. Be2 Ne7
21. Ne6+ Bxe6 22. Rxd8+ Kg7 23. Qd4 Qxd4 24. Rxd4 Bd5 25. f4 Rg6 26. Bd3 Re6
27. Rxe6 fxe6 28. Ra4 a6 29. c4 Bc6 30. Ra5 Bd7 31. Rh5 Kf6 32. Rh6+ Kg7 33.
Rh7+ Kf6 34. g4 e5 35. g5+ Ke6 36. f5+ 1-0

[Event "IV Open"]
[Site "Crema ITA"]
[Date "2002.09.08"]
[Round "5"]
[White "Peron, Davide"]
[Black "Humel, Andrea"]
[Result "0-1"]
[WhiteElo "1516"]
[BlackElo "1470"]
[PlyCount "66"]
[EventDate "2002.09.06"]

1. e4 c5 2. Nf3 e6 3. d4 cxd4 4. Nxd4 a6 5. Bd3 Qc7 6. O-O Nc6 7. c3 b5 8. Nxc6
Qxc6 9. Be3 Bb7 10. Nd2 Nf6 11. f3 Qc7 12. Qe2 Bd6 13. f4 Be7 14. Rae1 h5 15.
Bd4 d6 16. Nf3 d5 17. exd5 Bxd5 18. Ng5 Ng4 19. Be4 Bc4 20. Qf3 Bxg5 21. Rd1
O-O 22. h3 Bxf1 23. hxg4 Qxf4 24. Qxf4 Bxf4 25. Bxa8 Rxa8 26. Rxf1 e5 27. Rxf4
exf4 28. gxh5 Re8 29. Kf2 Kh7 30. Kf3 g5 31. hxg6+ Kxg6 32. Kxf4 Re2 33. Kf3
Rxb2 0-1

[Event "IV Open"]
[Site "Crema ITA"]
[Date "2002.09.08"]
[Round "5"]
[White "Pezzotta, Gianni"]
[Black "Gualtieri, Primo"]
[Result "0-1"]
[WhiteElo "1380"]
[BlackElo "1609"]
[PlyCount "76"]
[EventDate "2002.09.06"]

1. d4 Nf6 2. c4 e6 3. Nc3 Bb4 4. Qc2 O-O 5. Bg5 d5 6. a3 Bxc3+ 7. bxc3 b6 8.
Bxf6 Qxf6 9. e4 dxe4 10. Qxe4 c6 11. Bd3 Qg6 12. Qf3 Qg5 13. Nh3 Qf6 14. Qe4 g6
15. Qe3 Qg7 16. Kd2 Nd7 17. f4 Bb7 18. Be4 Nf6 19. Bf3 Rab8 20. Rab1 Rfd8 21.
Rhg1 c5 22. Be2 Ne4+ 23. Kd3 cxd4 24. cxd4 Nc5+ 25. Kc3 Be4 26. Rbd1 Rd6 27.
Ng5 Bc6 28. Nf3 Rbd8 29. Ne5 Nd7 30. Nxc6 Rxc6 31. Kb3 Rdc8 32. Rc1 Nf6 33. a4
Ne8 34. Bd3 Nd6 35. d5 exd5 36. Qd2 dxc4+ 37. Bxc4 Nxc4 38. Qd5 Qb2# 0-1

[Event "IV Open"]
[Site "Crema ITA"]
[Date "2002.09.08"]
[Round "5"]
[White "Potenza, Gaetano"]
[Black "Golia, Franco"]
[Result "0-1"]
[WhiteElo "1476"]
[BlackElo "1837"]
[PlyCount "72"]
[EventDate "2002.09.06"]

1. e4 e6 2. d4 d5 3. Nc3 Bb4 4. e5 c5 5. Qg4 Ne7 6. Nf3 Qc7 7. Bb5+ Bd7 8. O-O
Bxc3 9. Bxd7+ Nxd7 10. bxc3 Nf5 11. Ba3 Qa5 12. Bb2 O-O 13. Rfe1 Rfc8 14. Rec1
Qa4 15. Ne1 cxd4 16. cxd4 Nxe5 17. Qd1 Nc4 18. Rcb1 b6 19. Qd3 Nxb2 20. Rxb2
Qxd4 21. Qb3 Qc4 22. Qf3 Qd4 23. Rab1 Rc3 24. Nd3 Rac8 25. g4 Nd6 26. Qg3 Ne4
27. Qf4 Qf6 28. Qe3 h6 29. f3 Nc5 30. Rf1 Rxd3 31. cxd3 Qxb2 32. Rf2 Qb1+ 33.
Kg2 Qxd3 34. Qc1 d4 35. Rd2 Qe3 36. Qb2 Rd8 0-1

[Event "IV Open"]
[Site "Crema ITA"]
[Date "2002.09.08"]
[Round "5"]
[White "Riva, Carlo"]
[Black "Pinotti, Claudio"]
[Result "1-0"]
[WhiteElo "1480"]
[BlackElo "2073"]
[PlyCount "143"]
[EventDate "2002.09.06"]

1. e4 d6 2. d4 Nf6 3. Nc3 c6 4. a4 Qa5 5. Bd2 e5 6. Nd5 Qd8 7. Nxf6+ Qxf6 8.
dxe5 dxe5 9. Bc4 Be6 10. Bxe6 Qxe6 11. Nf3 Bc5 12. O-O O-O 13. Qe1 Nd7 14. Bb4
Qc4 15. Bc3 f6 16. b3 Qe6 17. Bb4 Qe7 18. Bxc5 Qxc5 19. Rc1 Rfd8 20. Qe2 Nf8
21. Rfd1 Ne6 22. Rxd8+ Rxd8 23. g3 Kf7 24. Rd1 Nd4 25. Nxd4 exd4 26. Kg2 g6 27.
h4 a6 28. Rd2 b5 29. axb5 axb5 30. f3 Qb4 31. Rd3 c5 32. Rd2 c4 33. bxc4 bxc4
34. Qd1 Qc3 35. Qe2 Ke7 36. Qd1 Ke6 37. Kf2 Qe3+ 38. Kg2 Rd6 39. Re2 Qc3 40.
Rd2 Kd7 41. Kf2 Qe3+ 42. Kg2 Kc6 43. Re2 Qc3 44. Rd2 Kc5 45. Qe2 Kb4 46. Qe1 d3
47. cxd3 Rxd3 48. Rb2+ Kc5 49. Qf2+ Qd4 50. Qe2 c3 51. Rc2 Rd2 52. Rxd2 Qxd2
53. Kf2 Qxe2+ 54. Kxe2 Kd4 55. g4 c2 56. Kd2 c1=Q+ 57. Kxc1 Ke3 58. g5 fxg5 59.
e5 gxh4 60. e6 h3 61. e7 h2 62. e8=Q+ Kxf3 63. Qc6+ Kg3 64. Kd2 g5 65. Ke2 g4
66. Kf1 h5 67. Qg2+ Kh4 68. Qxh2+ Kg5 69. Kf2 h4 70. Qe5+ Kg6 71. Qf4 Kh5 72.
Qf5+ 1-0

[Event "IV Open"]
[Site "Crema ITA"]
[Date "2002.09.08"]
[Round "5"]
[White "Santandrea, Marco"]
[Black "Gualazzi, Paolo"]
[Result "0-1"]
[WhiteElo "1615"]
[BlackElo "1576"]
[PlyCount "88"]
[EventDate "2002.09.06"]

1. e4 e6 2. d4 d5 3. Nd2 Nf6 4. Bd3 b6 5. Ngf3 Bb7 6. e5 Nfd7 7. O-O c5 8. c3
Nc6 9. a3 Qc7 10. Qe2 c4 11. Bc2 h6 12. Re1 Be7 13. Nf1 O-O-O 14. b3 Na5 15. b4
Nc6 16. a4 Nf8 17. N3d2 Ng6 18. Nb1 Bxb4 19. Bxg6 fxg6 20. cxb4 Nxd4 21. Qb2
Nb3 22. Ra3 Nxc1 23. Qxc1 Rhf8 24. Ne3 Kb8 25. Nd2 Rc8 26. Qc3 Qf7 27. Nf3 Rcd8
28. Qd4 Qe7 29. Nc2 g5 30. g3 Rf7 31. Ree3 Rdf8 32. h3 h5 33. b5 h4 34. a5 Qc7
35. axb6 axb6 36. Kg2 hxg3 37. fxg3 Qc5 38. Qxc5 bxc5 39. Nce1 d4 40. Re2 d3
41. Rd2 g4 42. hxg4 Kc7 43. Ra4 Bd5 44. Ra3 Kb6 0-1

[Event "IV Open"]
[Site "Crema ITA"]
[Date "2002.09.08"]
[Round "5"]
[White "Sartorio, Diego"]
[Black "Bonazzi, Edoardo"]
[Result "0-1"]
[WhiteElo "2050"]
[BlackElo "2133"]
[PlyCount "102"]
[EventDate "2002.09.06"]

1. e4 Nf6 2. e5 Nd5 3. d4 d6 4. c4 Nb6 5. exd6 cxd6 6. Nc3 g6 7. Nf3 Bg7 8. Be2
O-O 9. O-O Nc6 10. Be3 Bg4 11. c5 dxc5 12. dxc5 Bxf3 13. gxf3 Bxc3 14. cxb6
Bxb2 15. Rb1 Bd4 16. bxa7 Bxe3 17. fxe3 Rxa7 18. Rb2 Qa5 19. f4 Qc5 20. Qc1
Qxc1 21. Rxc1 Rd8 22. Bf3 Rd6 23. Rcc2 Kg7 24. Kf2 e6 25. Ke2 Kf6 26. Kf2 Ke7
27. Rc3 e5 28. Bxc6 Rxc6 29. Rcb3 exf4 30. exf4 Kf6 31. Kf3 Rca6 32. Rxb7 Rxb7
33. Rxb7 Rxa2 34. Rb6+ Kg7 35. Kg3 Re2 36. Rd6 Re6 37. Rd5 Kf6 38. Kf3 Ra6 39.
Rc5 Ra3+ 40. Kg2 h6 41. h4 Re3 42. Rb5 Ke6 43. Ra5 f6 44. Rb5 Rd3 45. h5 g5 46.
fxg5 hxg5 47. Rb7 g4 48. h6 Rh3 49. Rg7 f5 50. h7 Kf6 51. Ra7 Kg6 0-1

[Event "IV Open"]
[Site "Crema ITA"]
[Date "2002.09.08"]
[Round "5"]
[White "Sbarra, Marco"]
[Black "Bison, Beniamino"]
[Result "0-1"]
[WhiteElo "2237"]
[BlackElo "2197"]
[PlyCount "76"]
[EventDate "2002.09.06"]

1. d4 e6 2. e4 d5 3. e5 c5 4. c3 Nc6 5. Nf3 Bd7 6. a3 f6 7. Bd3 Qc7 8. exf6
gxf6 9. dxc5 Bxc5 10. b4 Bd6 11. Nd4 Nxd4 12. cxd4 O-O-O 13. Be3 Ne7 14. Nd2
Kb8 15. Rc1 Qb6 16. O-O Rdg8 17. Nb3 Ba4 18. Kh1 h5 19. Bc2 Bxb3 20. Bxb3 Rg7
21. Bc2 Qd8 22. Qf3 f5 23. Bf4 Ng6 24. Bxd6+ Qxd6 25. Rg1 Nf4 26. Rce1 Rhg8 27.
g3 Nh3 28. Rgf1 Ng5 29. Qe3 h4 30. Qe5 Qxe5 31. dxe5 f4 32. f3 hxg3 33. hxg3
fxg3 34. Kg2 Nh3 35. f4 Rg4 36. f5 Nf4+ 37. Kf3 g2 38. Rg1 Nh3 0-1

[Event "IV Open"]
[Site "Crema ITA"]
[Date "2002.09.08"]
[Round "5"]
[White "Scotti, Luigi"]
[Black "Pancioni, Marco"]
[Result "1-0"]
[WhiteElo "1399"]
[BlackElo "1500"]
[PlyCount "59"]
[EventDate "2002.09.06"]

1. e4 e5 2. Nf3 d6 3. d4 Bg4 4. dxe5 Bxf3 5. Qxf3 dxe5 6. Bc4 Nf6 7. O-O Qd4 8.
Qb3 Qd7 9. Qxb7 Bc5 10. Qxa8 O-O 11. Qb7 Bb6 12. Nc3 Nc6 13. Bg5 Na5 14. Qa6
Qd6 15. Bxf6 gxf6 16. Nd5 Kh8 17. Nxb6 cxb6 18. Rad1 Qb4 19. b3 Nxc4 20. Qxc4
Qxc4 21. bxc4 Kg7 22. Rd7 Rc8 23. Rxa7 Rxc4 24. f3 Rxc2 25. Rb1 Kg6 26. Rxb6
Kg5 27. Rxf7 Rxa2 28. Rbxf6 h5 29. Rf5+ Kh4 30. g3+ 1-0

[Event "IV Open"]
[Site "Crema ITA"]
[Date "2002.09.08"]
[Round "5"]
[White "Torriani, Piergiorgio"]
[Black "Moratto, Davide"]
[Result "1/2-1/2"]
[WhiteElo "1600"]
[BlackElo "1557"]
[PlyCount "76"]
[EventDate "2002.09.06"]

1. e4 c5 2. Nf3 d6 3. d4 cxd4 4. Nxd4 Nf6 5. Nc3 a6 6. a4 e5 7. Nf3 Be6 8. Ng5
Qc7 9. Be2 Be7 10. O-O Bc4 11. Bd2 h6 12. Nf3 Nbd7 13. h3 Rc8 14. Bd3 b6 15. b3
Bxd3 16. cxd3 Nc5 17. Ne1 Ne6 18. Rc1 Qd7 19. Be3 Qb7 20. Nf3 O-O 21. Nh4 d5
22. exd5 Nxd5 23. Nxd5 Qxd5 24. Nf5 Bf6 25. Bxb6 Rxc1 26. Qxc1 Qxd3 27. Qb1
Qxb1 28. Rxb1 Rc8 29. a5 Nd4 30. Nxd4 exd4 31. Kf1 Rc3 32. Rd1 d3 33. b4 Ra3
34. Be3 Kf8 35. g3 Ke7 36. Kg2 Kd7 37. Kf3 Kc6 38. Ke4 Bc3 1/2-1/2

[Event "IV Open"]
[Site "Crema ITA"]
[Date "2002.09.08"]
[Round "5"]
[White "Venturini, Fabiano"]
[Black "Volpati, Antonio"]
[Result "1/2-1/2"]
[WhiteElo "1731"]
[BlackElo "1540"]
[PlyCount "68"]
[EventDate "2002.09.06"]

1. e4 e5 2. Nf3 Nc6 3. Bb5 a6 4. Ba4 Nf6 5. O-O Bc5 6. c3 O-O 7. Bc2 h6 8. d4
exd4 9. cxd4 Ba7 10. e5 Nh7 11. Qd3 g6 12. a3 d6 13. e6 Bxe6 14. d5 Bf5 15. Qd2
Bxc2 16. dxc6 Be4 17. cxb7 Bxb7 18. Qxh6 Bxf3 19. gxf3 Qf6 20. Kg2 Bd4 21. Nc3
c6 22. Ne4 Qe6 23. Rb1 Bg7 24. Qf4 Be5 25. Qh6 Qf5 26. Bd2 Bg7 27. Qh4 Be5 28.
Rbd1 Nf6 29. Bc3 Nxe4 30. fxe4 Qf4 31. Qxf4 Bxf4 32. Bf6 Ra7 33. Rd3 Be5 34.
Bxe5 dxe5 1/2-1/2

[Event "IV Open"]
[Site "Crema ITA"]
[Date "2002.09.08"]
[Round "6"]
[White "Annoni, Riccardo"]
[Black "Castrogiovanni, Carlo"]
[Result "1/2-1/2"]
[WhiteElo "1843"]
[BlackElo "2071"]
[PlyCount "80"]
[EventDate "2002.09.06"]

1. e4 c5 2. Nc3 e6 3. g3 d5 4. exd5 exd5 5. Bg2 Nf6 6. Nge2 d4 7. Ne4 Nxe4 8.
Bxe4 Bd6 9. Bg2 Nc6 10. d3 O-O 11. O-O Re8 12. h3 Be6 13. Bf4 Ne5 14. Kh2 Re7
15. Bxe5 Bxe5 16. f4 Bc7 17. Qd2 Bd5 18. Ng1 Ba5 19. Qf2 Qd6 20. Bxd5 Qxd5 21.
Qf3 Qxf3 22. Rxf3 Rae8 23. a4 f6 24. g4 Kf7 25. f5 Re1 26. Rxe1 Rxe1 27. Rf2
Re3 28. Re2 Bc7+ 29. Kg2 Rg3+ 30. Kf1 a6 31. b3 g6 32. Rg2 Ke7 33. Rxg3 Bxg3
34. Kg2 Bb8 35. Kf3 Bh2 36. Ne2 g5 37. Ke4 Kd6 38. c3 dxc3 39. Nxc3 Be5 40. Ne2
Bb2 1/2-1/2

[Event "IV Open"]
[Site "Crema ITA"]
[Date "2002.09.08"]
[Round "6"]
[White "Bertoletti, Vincenzo"]
[Black "Badalotti, Dario"]
[Result "1/2-1/2"]
[WhiteElo "1380"]
[BlackElo "1585"]
[PlyCount "113"]
[EventDate "2002.09.06"]

1. d4 d5 2. Nf3 Bg4 3. e3 Nf6 4. Be2 Nc6 5. O-O e6 6. h3 Bh5 7. c3 Bd6 8. Nbd2
O-O 9. a3 Re8 10. b4 a6 11. Bb2 Ne7 12. Bd3 c6 13. Qc2 h6 14. Rfe1 Bg6 15. e4
dxe4 16. Nxe4 Nxe4 17. Bxe4 Bxe4 18. Qxe4 Ng6 19. Rad1 Re7 20. Ne5 Nf8 21. c4
Nd7 22. Ng4 Qc7 23. Bc1 Qb8 24. c5 Bc7 25. Rd3 f5 26. Nxh6+ gxh6 27. Qh4 Qd8
28. Qxh6 Qf8 29. Qh4 Rh7 30. Qg5+ Qg7 31. Qxg7+ Rxg7 32. Rxe6 Rf8 33. Bh6 Rh7
34. Bxf8 Kxf8 35. Rde3 Kg8 36. Re8+ Nf8 37. R3e7 Rxe7 38. Rxe7 Bf4 39. Rxb7 Bc1
40. a4 Bb2 41. Rb6 Bxd4 42. Rxc6 Bc3 43. b5 axb5 44. axb5 Bb4 45. Kf1 Nd7 46.
Rc8+ Kf7 47. c6 Nb6 48. Rc7+ Ke6 49. Rb7 Nc8 50. Ke2 Bd6 51. Kd3 Kd5 52. f3 Bg3
53. Rf7 f4 54. Rc7 Nb6 55. Rd7+ Nxd7 56. cxd7 Bh4 57. b6 1/2-1/2

[Event "IV Open"]
[Site "Crema ITA"]
[Date "2002.09.08"]
[Round "6"]
[White "Bonazzi, Edoardo"]
[Black "Sbarra, Marco"]
[Result "1/2-1/2"]
[WhiteElo "2133"]
[BlackElo "2237"]
[PlyCount "59"]
[EventDate "2002.09.06"]

1. c4 e6 2. Nc3 d5 3. cxd5 exd5 4. d4 c5 5. Nf3 Nc6 6. g3 Nf6 7. Bg2 Be7 8. O-O
O-O 9. Bg5 cxd4 10. Nxd4 h6 11. Be3 Re8 12. Nxc6 bxc6 13. Na4 Bg4 14. f3 Bd7
15. Rf2 Qa5 16. Rc1 Rac8 17. Bc5 Bxc5 18. Rxc5 Qa6 19. Rc3 Re7 20. e3 Rce8 21.
Bf1 Qc8 22. Qd4 Qa8 23. Nc5 Bc8 24. b4 Qb8 25. Rb2 Qe5 26. Qxe5 Rxe5 27. Kf2
Rh5 28. Kg1 Rhe5 29. Kf2 Rh5 30. Kg1 1/2-1/2

[Event "IV Open"]
[Site "Crema ITA"]
[Date "2002.09.08"]
[Round "6"]
[White "Braghetta, Sergio"]
[Black "Bison, Beniamino"]
[Result "1-0"]
[WhiteElo "2265"]
[BlackElo "2197"]
[PlyCount "108"]
[EventDate "2002.09.06"]

1. d4 e6 2. Nf3 Nf6 3. Bg5 c5 4. e3 Be7 5. Nbd2 b6 6. Bd3 cxd4 7. exd4 Ba6 8.
Nc4 Qc7 9. Qe2 Bb7 10. O-O O-O 11. c3 d6 12. Nfd2 Nbd7 13. f4 Rfe8 14. Ne3 Nf8
15. Rae1 Rad8 16. Rf2 Bc6 17. Ref1 Nd5 18. Be4 Nxe3 19. Qxe3 Bxe4 20. Nxe4 f6
21. Bh4 f5 22. Bxe7 Rxe7 23. Ng5 h6 24. Nf3 Nh7 25. Re2 Nf6 26. Nh4 Rde8 27. h3
Kh7 28. Qg3 Ne4 29. Qg6+ Kg8 30. Kh2 Qc4 31. Rfe1 Rf8 32. Qh5 Rff7 33. Ng6 Rb7
34. a3 Rf6 35. g4 Kh7 36. gxf5 exf5 37. Rg2 Qf7 38. Reg1 a5 39. a4 Rc7 40. Qe2
Qd5 41. h4 Rff7 42. h5 Qc4 43. Qc2 Qd5 44. Re1 Rc8 45. Nh4 Re8 46. Rge2 Qe6 47.
Qd3 Qf6 48. Ng6 Rc8 49. Qh3 Rd8 50. Nh4 Rdf8 51. Rg1 Qe6 52. Qg2 Qf6 53. Ng6
Rd8 54. Qf3 Rg8 1-0

[Event "IV Open"]
[Site "Crema ITA"]
[Date "2002.09.08"]
[Round "6"]
[White "Brunello, Sabino"]
[Black "Distratis, Gianluca"]
[Result "1-0"]
[WhiteElo "1957"]
[BlackElo "1675"]
[PlyCount "73"]
[EventDate "2002.09.06"]

1. e4 d5 2. exd5 Nf6 3. Nc3 Nxd5 4. Nxd5 Qxd5 5. d4 g6 6. Nf3 Bg4 7. Be2 Bg7 8.
O-O Nc6 9. c4 Qd6 10. d5 Bxf3 11. Bxf3 Ne5 12. Bf4 Qf6 13. Bxe5 Qxe5 14. Qa4+
Kf8 15. Rae1 Qd6 16. b4 Bf6 17. c5 Qd8 18. d6 c6 19. dxe7+ Bxe7 20. Rd1 Qc7 21.
b5 cxb5 22. Qxb5 Qxc5 23. Qxb7 Rd8 24. Qb2 f6 25. Rxd8+ Bxd8 26. Rc1 Qe7 27.
Rd1 Bb6 28. Qb5 Qc5 29. Rd8+ Kg7 30. Qd7+ Kh6 31. Qd2+ Kg7 32. Rd7+ Kf8 33. Bd5
Qd4 34. Qe1 Qe5 35. Qb4+ Ke8 36. Bc6 Qa1+ 37. Rd1+ 1-0

[Event "IV Open"]
[Site "Crema ITA"]
[Date "2002.09.08"]
[Round "6"]
[White "Cocozza, Mario"]
[Black "Dragojlovic, Andjelko"]
[Result "1/2-1/2"]
[WhiteElo "2354"]
[BlackElo "2351"]
[PlyCount "92"]
[EventDate "2002.09.06"]

1. e4 c5 2. Nf3 g6 3. d4 cxd4 4. Nxd4 Bg7 5. Nc3 Nc6 6. Be3 Nf6 7. Nb3 O-O 8.
Be2 d6 9. O-O Be6 10. f4 Rc8 11. Qe1 a5 12. Nd4 Nxd4 13. Bxd4 Bc4 14. Kh1 Qc7
15. e5 dxe5 16. Bxe5 Qc6 17. Bf3 Qa6 18. Rf2 b5 19. a3 Qb6 20. Rd2 Rfd8 21.
Rad1 Rxd2 22. Qxd2 a4 23. Qd4 Qe6 24. h3 h5 25. Kh2 Ne8 26. Bb7 Rb8 27. Bxg7
Nxg7 28. Bd5 Bxd5 29. Qxd5 Qf5 30. Qe4 Qxe4 31. Nxe4 Nf5 32. Rd3 h4 33. b3 Kg7
34. g4 hxg3+ 35. Nxg3 Rc8 36. Nxf5+ gxf5 37. bxa4 Rxc2+ 38. Kg1 bxa4 39. Rd4
Rc3 40. Rxa4 Rxh3 41. Kg2 Rb3 42. Ra6 e6 43. Kf2 Kg6 44. Ra7 Rc3 45. a4 f6 46.
Ra6 Kf7 1/2-1/2

[Event "IV Open"]
[Site "Crema ITA"]
[Date "2002.09.08"]
[Round "6"]
[White "Gentili, Gianguido"]
[Black "Gardon, Ermanno"]
[Result "0-1"]
[WhiteElo "1684"]
[BlackElo "2108"]
[PlyCount "62"]
[EventDate "2002.09.06"]

1. e4 c5 2. Nf3 e6 3. d4 cxd4 4. Nxd4 Nf6 5. Nc3 Nc6 6. Nxc6 bxc6 7. Bd3 d5 8.
O-O Be7 9. Bf4 Nd7 10. e5 O-O 11. Qg4 f5 12. exf6 Nxf6 13. Qg3 Nh5 14. Bc7 Nxg3
15. Bxd8 Rxd8 16. fxg3 Rb8 17. Rab1 Bf6 18. Kh1 e5 19. Bf5 Bxf5 20. Rxf5 e4 21.
Rff1 Rb4 22. Nd1 Re8 23. a3 Rbb8 24. b3 e3 25. Nb2 e2 26. Rfe1 Bc3 27. Nd3 Bxe1
28. Rxe1 Re3 29. Kg1 Rf8 30. Nc1 Rf1+ 31. Rxf1 e1=Q 0-1

[Event "IV Open"]
[Site "Crema ITA"]
[Date "2002.09.08"]
[Round "6"]
[White "Gilardone, Adriano"]
[Black "Prati, Alessandro"]
[Result "1-0"]
[WhiteElo "1729"]
[BlackElo "1624"]
[PlyCount "41"]
[EventDate "2002.09.06"]

1. e4 c5 2. Nf3 Nc6 3. c3 d5 4. exd5 Qxd5 5. d4 Nf6 6. Be2 e6 7. O-O Be7 8. Bf4
O-O 9. Re1 Qd8 10. dxc5 Qxd1 11. Rxd1 Bxc5 12. Nbd2 b6 13. Nb3 Be7 14. Bb5 Bb7
15. Bd6 Bxd6 16. Rxd6 Ne7 17. Rad1 Bxf3 18. gxf3 Ned5 19. Bc6 Rad8 20. Rxd8
Rxd8 21. c4 1-0

[Event "IV Open"]
[Site "Crema ITA"]
[Date "2002.09.08"]
[Round "6"]
[White "Golia, Franco"]
[Black "Masotti, Roberto"]
[Result "1-0"]
[WhiteElo "1837"]
[BlackElo "1711"]
[PlyCount "61"]
[EventDate "2002.09.06"]

1. d4 d5 2. Nf3 e6 3. c4 c6 4. cxd5 exd5 5. Nc3 Bd6 6. e4 dxe4 7. Nxe4 Qe7 8.
Qe2 Bb4+ 9. Bd2 Be6 10. g3 Bxd2+ 11. Nexd2 Nf6 12. Bg2 Nd5 13. O-O O-O 14. a3
a5 15. Rfe1 Nd7 16. Nc4 Rfe8 17. Qd2 a4 18. Ng5 Qf8 19. Nxe6 fxe6 20. Bh3 Nc7
21. Re2 b5 22. Ne5 Nxe5 23. Rxe5 Qd6 24. Rc1 Na6 25. Bg2 Rac8 26. Qe3 Rc7 27.
Bh3 Rce7 28. Qe4 Nb8 29. Re1 Kf7 30. Qxh7 Qxd4 31. R5e4 1-0

[Event "IV Open"]
[Site "Crema ITA"]
[Date "2002.09.08"]
[Round "6"]
[White "Gualazzi, Paolo"]
[Black "Pinotti, Claudio"]
[Result "1/2-1/2"]
[WhiteElo "1576"]
[BlackElo "2073"]
[PlyCount "80"]
[EventDate "2002.09.06"]

1. d4 d6 2. c4 Nf6 3. Nf3 Nbd7 4. Nc3 c6 5. Bg5 e5 6. e3 Be7 7. Bd3 O-O 8. O-O
Re8 9. Bc2 Qc7 10. Rc1 Nf8 11. Bb1 Bg4 12. h3 Bh5 13. d5 Bg6 14. e4 h6 15. Be3
N6h7 16. Nh2 Bg5 17. Bxg5 hxg5 18. Ng4 Bh5 19. f3 Bxg4 20. fxg4 c5 21. Ne2 Ng6
22. Ng3 Ne7 23. Qf3 f6 24. Nf5 Qd7 25. Qg3 Nxf5 26. gxf5 Qf7 27. Bc2 Qh5 28.
Rce1 Qh4 29. Qh2 g4 30. hxg4 Qxh2+ 31. Kxh2 Ng5 32. Kg3 Kf7 33. Rh1 a6 34. a4
Reb8 35. a5 b5 36. axb6 Rxb6 37. b3 a5 38. Ra1 Rb4 39. Rhe1 Ke7 40. Ra3 Rb7
1/2-1/2

[Event "IV Open"]
[Site "Crema ITA"]
[Date "2002.09.08"]
[Round "6"]
[White "Gualtieri, Primo"]
[Black "Scotti, Luigi"]
[Result "1-0"]
[WhiteElo "1609"]
[BlackElo "1399"]
[PlyCount "98"]
[EventDate "2002.09.06"]

1. e4 c5 2. d4 cxd4 3. c3 dxc3 4. Nxc3 Nc6 5. Nf3 d6 6. Bc4 Nf6 7. h3 g6 8. O-O
Bg7 9. Qe2 O-O 10. Rd1 Qa5 11. Be3 a6 12. a3 b5 13. Ba2 Qc7 14. Rac1 e6 15. Bf4
Ne8 16. Nd5 Qb7 17. Ne3 Qc7 18. Ng4 Bb7 19. Nh6+ Kh8 20. Ng4 Rd8 21. Ng5 h6 22.
Nf3 Qe7 23. Bxh6 Nf6 24. Bxg7+ Kxg7 25. Nxf6 Qxf6 26. Rc2 Rh8 27. Rcd2 Qe7 28.
Qe3 Rh5 29. Qf4 e5 30. Qe3 Rd7 31. h4 Nd8 32. Qd3 Ne6 33. Bd5 Nc5 34. Qe3 f6
35. Bxb7 Nxb7 36. Qb6 f5 37. exf5 gxf5 38. Qxa6 e4 39. Nd4 Qxh4 40. Kf1 Qh1+
41. Ke2 Qxg2 42. Qxb5 Qg4+ 43. f3 exf3+ 44. Nxf3 Rh2+ 45. Kd3 Qe4+ 46. Kc3 Rc7+
47. Kb3 Rxd2 48. Nxd2 Qc2+ 49. Ka2 Qxd1 1-0

[Event "IV Open"]
[Site "Crema ITA"]
[Date "2002.09.08"]
[Round "6"]
[White "Humel, Andrea"]
[Black "Biava, Pierluigi"]
[Result "1/2-1/2"]
[WhiteElo "1470"]
[BlackElo "1546"]
[PlyCount "29"]
[EventDate "2002.09.06"]

1. d4 f5 2. c4 Nf6 3. Nc3 e6 4. Bg5 Be7 5. e3 O-O 6. Bd3 b6 7. Nf3 Bb7 8. Qd2
Na6 9. a3 c5 10. O-O Rc8 11. Nb5 Ra8 12. Qe2 Nc7 13. Nc3 Ne4 14. Bxe7 Qxe7 15.
Bxe4 1/2-1/2

[Event "IV Open"]
[Site "Crema ITA"]
[Date "2002.09.08"]
[Round "6"]
[White "Impellizzeri, Francesco"]
[Black "Potenza, Gaetano"]
[Result "0-1"]
[WhiteElo "1645"]
[BlackElo "1476"]
[PlyCount "42"]
[EventDate "2002.09.06"]

1. c4 c6 2. Nf3 d5 3. b3 Bg4 4. Bb2 Bxf3 5. gxf3 Nd7 6. d4 Ngf6 7. Nd2 e6 8.
cxd5 cxd5 9. Bg2 Nh5 10. e3 Qg5 11. Kf1 Bb4 12. f4 Qg6 13. Nf3 Qf6 14. a3 Bd6
15. Ne5 g6 16. Rc1 Qf5 17. Bf3 Ndf6 18. h3 Bxe5 19. fxe5 Ne4 20. Qe2 O-O 21. h4
Nhg3+ 0-1

[Event "IV Open"]
[Site "Crema ITA"]
[Date "2002.09.08"]
[Round "6"]
[White "Marchiano, Nicola"]
[Black "Vetturi, Pietro"]
[Result "1-0"]
[WhiteElo "1633"]
[BlackElo "1600"]
[PlyCount "29"]
[EventDate "2002.09.06"]

1. e4 c5 2. d4 cxd4 3. c3 d3 4. c4 d6 5. Bxd3 Nc6 6. Nf3 g6 7. Bg5 Bg7 8. Nc3
Nf6 9. Qd2 O-O 10. O-O a6 11. Rac1 Qc7 12. Nd5 Nxd5 13. cxd5 Qa5 14. dxc6 Qxd2
15. Bxd2 1-0